NIGERIAN JOURNAL OF PUBLIC LAW (Record no. 43680)

MARC details
003 - CONTROL NUMBER IDENTIFIER
control field 43681
005 - DATE AND TIME OF LATEST TRANSACTION
control field 20251009215936.0
008 - FIXED-LENGTH DATA ELEMENTS--GENERAL INFORMATION
fixed length control field 251009b |||||||| |||| 00| 0 eng d
022 ## - INTERNATIONAL STANDARD SERIAL NUMBER
International Standard Serial Number 2006-473X
040 ## - CATALOGING SOURCE
Transcribing agency Nile University of Nigeria
Description conventions rda
050 ## - LIBRARY OF CONGRESS CALL NUMBER
Classification number K 60 .N5
082 ## - DEWEY DECIMAL CLASSIFICATION NUMBER
Classification number K 60 .N5
245 ## - TITLE STATEMENT
Title NIGERIAN JOURNAL OF PUBLIC LAW
250 ## - EDITION STATEMENT
Edition statement vol1.no1,2008
260 ## - PUBLICATION, DISTRIBUTION, ETC. (IMPRINT)
Place of publication, distribution, etc Enugu
Name of publisher, distributor, etc Chenglo press
Date of publication, distribution, etc 2008
264 ## - PUBLICATION, DISTRIBUTION, ETC. (IMPRINT)
Place of publication, distribution, etc Enugu
Name of publisher, distributor, etc Chenglo press
Date of publication, distribution, etc 2008
300 ## - PHYSICAL DESCRIPTION
Other physical details iv , 372pg., 35 cm
336 ## - CONTENT TYPE
Source rdacontent
338 ## - CARRIER TYPE
Source rdacarrier
942 ## - ADDED ENTRY ELEMENTS (KOHA)
Source of classification or shelving scheme Library of Congress Classification
Koha item type JOURNALS
Holdings
Withdrawn status Lost status Source of classification or shelving scheme Damaged status Not for loan Permanent Location Current Location Shelving location Date acquired Total Checkouts Date last seen Price effective from Koha item type
    Library of Congress Classification     Law Library Law Library Items on shelf 10/15/2019   10/09/2025 10/09/2025 JOURNALS
    Library of Congress Classification     Law Library Law Library Items on shelf 10/15/2019   10/09/2025 10/09/2025 JOURNALS